00945nam a2200205 i 4500001000700000003000900007005001700016007000300033008004100036100004100077245021700118260005400335300003000389651006800419700004100487700003900528852003200567999001900599952012100618107623ES-MaACL20251009195332.0t|061121s1955 sp r ||||1| cat d1 aMoscardó Cervera, Federico.98374110aValencia i el General Espartero b: abdicació i retorn de la Reina Governadora a València (1840-1844) / cper Frederic Moscardó Cervera; pròleg de Josep María Giménez Fayos ; dibuixos d'Antoni Ferrer. aValencia : b[s.n], c[1955?] (fImp. V. Cortell) a136 p. : bil. ; c17 cm. 4aEspaña-xHistoria-y1840-1843, Regencia de Espartero.91678691 aGiménez Fayos, Josep Maria.9570461 aFerrer, Antonio, dn. 18999161893 aES-MaACLjC-11126 bR.38787 c107623d107623 00104070aATENEOMbATENEOMcSPALd2008-01-17eSCl0oC-11126p1112318r2023-02-23 00:00:00w2023-02-23yMONOGRAFIA